| 000 | 00388nam a2200145 a 4500 | ||
|---|---|---|---|
| 005 | 20140412111338.0 | ||
| 008 | 031016s19uu xx 00 eng d | ||
| 050 |
_aER _bTr76 |
||
| 245 | _aTrucks at work. | ||
| 260 |
_aTokyo : _bFroebel-kan co., ltd, _c[n.d.] |
||
| 300 | _a[10] p. ; ill. | ||
| 650 | _aTransporation--picture book | ||
| 650 | _aVehicles--picture books | ||
| 999 |
_c105070 _d105070 |
||